| 000 -LEADER |
| fixed length control field |
01519nam a2200325 i 4500 |
| 001 - CONTROL NUMBER |
| control field |
021810136 |
| 003 - CONTROL NUMBER IDENTIFIER |
| control field |
UkOxU |
| 005 - DATE AND TIME OF LATEST TRANSACTION |
| control field |
20230110105447.0 |
| 008 - FIXED-LENGTH DATA ELEMENTS--GENERAL INFORMATION |
| fixed length control field |
190603s2019 enk 000|1|eng d |
| 015 ## - NATIONAL BIBLIOGRAPHY NUMBER |
| National bibliography number |
GBB9A1847 |
| Source |
bnb |
| 016 7# - NATIONAL BIBLIOGRAPHIC AGENCY CONTROL NUMBER |
| Record control number |
019428305 |
| Source |
Uk |
| 020 ## - INTERNATIONAL STANDARD BOOK NUMBER |
| International Standard Book Number |
9781529405231 |
| Qualifying information |
paperback |
| 035 ## - SYSTEM CONTROL NUMBER |
| System control number |
(Uk)019428305 |
| 040 ## - CATALOGING SOURCE |
| Original cataloging agency |
StDuBDS |
| Language of cataloging |
eng |
| Description conventions |
rda |
| Transcribing agency |
StDuBDS |
| Modifying agency |
UkOxU |
| -- |
KH8 |
| 082 04 - DEWEY DECIMAL CLASSIFICATION NUMBER |
| Classification number |
FIC EL |
| Edition number |
23 |
| 100 1# - MAIN ENTRY--PERSONAL NAME |
| Personal name |
El-Mohtar, Amal, |
| Relator term |
author. |
| 245 10 - TITLE STATEMENT |
| Title |
This is how you lose the time war / |
| Statement of responsibility, etc. |
Amal El-Mohtar and Max Gladstone. |
| 264 #1 - PRODUCTION, PUBLICATION, DISTRIBUTION, MANUFACTURE, AND COPYRIGHT NOTICE |
| Place of production, publication, distribution, manufacture |
London : |
| Name of producer, publisher, distributor, manufacturer |
Jo Fletcher Books, |
| Date of production, publication, distribution, manufacture, or copyright notice |
2019. |
| 264 #4 - PRODUCTION, PUBLICATION, DISTRIBUTION, MANUFACTURE, AND COPYRIGHT NOTICE |
| Date of production, publication, distribution, manufacture, or copyright notice |
©2019 |
| 300 ## - PHYSICAL DESCRIPTION |
| Extent |
198 pages ; |
| Dimensions |
20 cm |
| 336 ## - CONTENT TYPE |
| Content type term |
text |
| Source |
rdacontent |
| 337 ## - MEDIA TYPE |
| Media type term |
unmediated |
| Source |
rdamedia |
| 338 ## - CARRIER TYPE |
| Carrier type term |
volume |
| Source |
rdacarrier |
| 520 ## - SUMMARY, ETC. |
| Summary, etc. |
Two time-travelling agents from warring futures, working their way through the past, begin to exchange letters - and fall in love. Among the ashes of a dying world, an agent of the Commandant finds a letter. It reads: Burn before reading. Thus begins an unlikely correspondence between two rival agents hellbent on securing the best possible future for their warring factions. Now, what began as a taunt, a battlefield boast, grows into something more. Something epic. Something romantic. Something that could change the past and the future. Except the discovery of their bond would mean death for each of them |
| 650 ## - SUBJECT ADDED ENTRY--TOPICAL TERM |
| Topical term or geographic name entry element |
Time travel |
| 650 ## - SUBJECT ADDED ENTRY--TOPICAL TERM |
| Topical term or geographic name entry element |
Romance fiction |
| 655 #0 - INDEX TERM--GENRE/FORM |
| Genre/form data or focus term |
Science fiction. |
| 700 1# - ADDED ENTRY--PERSONAL NAME |
| Personal name |
Gladstone, Max, |
| Relator term |
author. |
| 942 ## - ADDED ENTRY ELEMENTS (KOHA) |
| Source of classification or shelving scheme |
|
| Koha item type |
Books - Fiction |